Čas, čas, čas... v umění 19. století /

Hlavní autor: Bendová, Eva, 1976-
Korporativní autor: Výstavní síň "13" (Plzeň, Česko)
Další autoři: Vlnas, Vít, 1962-, Západočeská galerie (Plzeň, Česko), Národní galerie (Praha, Česko)
Jazyk: Čeština
Vydáno: Plzeň : Západočeská galerie v Plzni, p.o., 2018
Témata:
Fyzický popis: 63 stran : barevné ilustrace ; 27 cm
Language note: Anglické resumé
Knihy
Uloženo v:
LEADER 02535nam a2200673 i 4500
001 nkc20182982242
003 CZ PrNK
005 20180420110715.0
007 ta
008 180228s2018 xr a e c 000 0 cze
020 |a 978-80-88027-25-6  |q (brožováno) 
040 |a BOA001  |b cze  |e rda 
041 0 |a cze  |b eng 
043 |a e-xr--- 
045 |a w-w- 
072 7 |a 75  |x Malířství  |2 Konspekt  |9 21 
080 |a 75(437.3)  |2 MRF 
080 |a 75.047  |2 MRF 
080 |a 006.924  |2 MRF 
080 |a "321/324"  |2 MRF 
080 |a 7.04  |2 MRF 
080 |a (437.3)  |2 MRF 
080 |a (083.824)  |2 MRF 
100 1 |a Bendová, Eva,  |d 1976-  |7 xx0076089  |4 aut 
245 1 0 |a Čas, čas, čas... v umění 19. století /  |c autoři textů: Eva Bendová, Vít Vlnas 
264 1 |a Plzeň :  |b Západočeská galerie v Plzni, p.o.,  |c 2018 
300 |a 63 stran :  |b barevné ilustrace ;  |c 27 cm 
336 |a text  |b txt  |2 rdacontent 
336 |a statický obraz  |b sti  |2 rdacontent 
337 |a bez média  |b n  |2 rdamedia 
338 |a svazek  |b nc  |2 rdacarrier 
500 |a Výstava konaná v Západočeské galerii v Plzni, výstavní síň "13", 23.2-9.5.2018 
500 |a Publikace připravena ve spolupráci Západočeské galerie v Plzni s Národní galerií v Praze 
500 |a 300 výtisků 
504 |a Obsahuje bibliografické odkazy 
546 |a Anglické resumé 
648 7 |a 19. století  |7 ch460557  |2 czenas 
650 0 7 |a české malířství  |7 ph116864  |y 19. století  |2 czenas 
650 0 7 |a krajinomalba  |7 ph121926  |z Česko  |y 19. století  |2 czenas 
650 0 7 |a čas  |7 ph116842  |2 czenas 
650 0 7 |a roční období  |7 ph125283  |2 czenas 
650 0 7 |a umělecké náměty  |7 ph138227  |2 czenas 
650 0 9 |a Czech painting  |y 19th century  |2 eczenas 
650 0 9 |a landscape painting  |z Czechia  |y 19th century  |2 eczenas 
650 0 9 |a time  |2 eczenas 
650 0 9 |a seasons  |2 eczenas 
650 0 9 |a artistic themes  |2 eczenas 
655 7 |a katalogy výstav  |7 fd132536  |2 czenas 
655 9 |a exhibition catalogs  |2 eczenas 
700 1 |a Vlnas, Vít,  |d 1962-  |7 jn19990209996  |4 aut 
710 2 |a Výstavní síň "13" (Plzeň, Česko)  |7 pna2005285406  |4 orm 
710 2 |a Západočeská galerie (Plzeň, Česko)  |7 kn20010709207  |4 orm 
710 2 |a Národní galerie (Praha, Česko)  |7 kn20010709071  |4 orm 
910 2 |a BOA001  |b 3-1403.868 
928 9 |a Národní galerie v Praze 
990 |a BK 
995 |a 11 
991 |b 201803  |c NOV 
996 6 |b 2610736513  |c 3-1403.868  |l MZK  |r Sklad / do 1 hodiny  |n 3  |p p.v.  |w 001654760  |u 000010  |a 1  |e BOA001  |j MZK50  |s P